000 00560nam a2200169 i 4500
001 129175
003 ES-MaACL
005 20230906193442.0
007 t|
008 070607s1963 sp ||||1| spa d
100 1 _aTeodoreto.
_9109713
245 1 3 _aEl secretario del crucifijo /
_cTeodoreto ; [traducido por Esteban Mariano].
260 _aBarcelona :
_bUnión de Catequistas de Jesús Crucificado y María Inmaculada,
_c1963.
300 _a267 p., 1 h. con 1 lám. ;
_c22 cm.
700 1 _aEsteban Mariano.
_948061
852 _aES-MaACL
_jC-25000
_bR.53769
999 _c129175
_d129175